| 000 | 00685nam a2200181Ia 4500 | ||
|---|---|---|---|
| 008 | 180921t2020 xxu||||| |||| 00| 0 sin d | ||
| 041 | _asin | ||
| 080 |
_a8-31 _bගොගොල් |
||
| 100 | _aගොගොල්, නිකොලායි | ||
| 245 | _aහිම කබාය ඇතුළු තෝරාගත් විශිෂ්ට කෙටිකතා | ||
| 260 |
_bගොඩගේ _aකොළඹ _c2020 |
||
| 300 | _aසෙ.මි.21, පි.208 | ||
| 700 |
_aදැදිගම වී. රුද්රිගු _eපරි. |
||
| 700 |
_aපද්මහර්ෂ කුරණගේ _eපරි. |
||
| 942 | _cBK | ||
| 999 |
_c12562 _d12562 |
||
| 003 | LK-CoDNM | ||
| 040 |
_aLK-CoDNM _dLK-CoDNM _eLK-CoDNM |
||